Statistiques concernant Toutes les communes de France contenant un tréma

Cliquez ici pour prendre le quiz!

Statistiques générales

  • Ce quiz a été pris 12 fois
  • Le résultat moyen est 2 sur 149

Statistiques - réponses

DépartementVille% Correct
Val-de-MarneL'Haÿ-les-Roses
33%
LoireBoën-sur-Lignon
17%
MorbihanPloërmel
17%
Haute-SavoieSamoëns
17%
LoireAboën
8%
DoubsAïssey
8%
CharenteBouëx
8%
VendéeCoëx
8%
CherFoëcy
8%
Côtes-d'ArmorLandebaëron
8%
MayenneLa Roë
8%
VosgesOëlleville
8%
Côtes-d'ArmorPlancoët
8%
Côtes-d'ArmorPloëzal
8%
Côtes-d'ArmorPlouër-sur-Rance
8%
AinPrévessin-Moëns
8%
Dordogne | VarSaint-Raphaël
8%
Alpes-MaritimesTouët-de-l'Escarène
8%
ArdècheVogüé
8%
Pyrénées-AtlantiquesAïcirits-Camout-Suhast
0%
Pyrénées-AtlantiquesAngaïs
0%
Pyrénées-AtlantiquesAroue-Ithorots-Olhaïby
0%
Hautes-AlpesAspres-sur-Buëch
0%
AllierAurouër
0%
MarneAÿ-Champagne
0%
OiseBacouël
0%
OrneBazoches-sur-Hoëne
0%
MeuseBeney-en-Woëvre
0%
OrneBoëcé
0%
Haute-SavoieBoëge
0%
NordBoëseghem
0%
SartheBoëssé-le-Sec
0%
LoiretBoësses
0%
MeuseBoinville-en-Woëvre
0%
SartheBouër
0%
Lot-et-GaronneBuzet-sur-Baïse
0%
NordCaëstre
0%
AisneCaillouël-Crépigny
0%
MorbihanCamoël
0%
Côtes-d'ArmorCaouënnec-Lanvézéac
0%
Côtes-d'ArmorCarnoët
0%
FinistèreClohars-Carnoët
0%
Ille-et-VilaineCoësmes
0%
Côtes-d'ArmorCoëtlogon
0%
Côtes-d'ArmorCoëtmieux
0%
Loire-AtlantiqueCouëron
0%
Loir-et-CherCouëtron-au-Perche
0%
Seine-et-MarneDammartin-en-Goële
0%
IndreDun-le-Poëlier
0%
MarneFaverolles-et-Coëmy
0%
Seine-et-MarneFaÿ-lès-Nemours
0%
Puy-de-DômeFernoël
0%
MeuseFresnes-en-Woëvre
0%
AisneFrières-Faillouël
0%
Ille-et-VilaineGaël
0%
Pyrénées-AtlantiquesGeüs-d'Oloron
0%
MeuseGrimaucourt-en-Woëvre
0%
FinistèreGuimaëc
0%
MeuseHerméville-en-Woëvre
0%
Ille-et-VilaineIrodouër
0%
MeuseJonville-en-Woëvre
0%
Côtes-d'ArmorKergrist-Moëlou
0%
FinistèreKernouës
0%
Ille-et-VilaineLa Bouëxière
0%
ArdècheLachamp-Raphaël
0%
Ille-et-VilaineLa Chapelle-Bouëxic
0%
OrneLa Chapelle-Souëf
0%
MorbihanLangoëlan
0%
Ille-et-VilaineLa Noë-Blanche
0%
EureLa Noë-Poulain
0%
MeuseLatour-en-Woëvre
0%
FinistèreLa Trinité-Porhoët
0%
GersLauraët
0%
GersLaveraët
0%
Côtes-d'Armor | MorbihanLe Faouët
0%
FinistèreLe Folgoët
0%
Hautes-AlpesLe Poët
0%
DrômeLe Poët-Célard
0%
DrômeLe Poët-en-Percip
0%
DrômeLe Poët-Laval
0%
DrômeLe Poët-Sigillat
0%
Côtes-d'ArmorLescouët-Gouarec
0%
LoireLes Noës
0%
AubeLes Noës-près-Troyes
0%
OrneLonguenoë
0%
Côtes-d'ArmorLoscouët-sur-Meu
0%
LandesLüe
0%
Côtes-d'ArmorMaël-Carhaix
0%
Côtes-d'ArmorMaël-Pestivien
0%
Meurthe-et-MoselleManoncourt-en-Woëvre
0%
MeuseMarchéville-en-Woëvre
0%
GersMargouët-Meymes
0%
Côte-d'OrMarigny-le-Cahouët
0%
IsèreMizoën
0%
FinistèreMoëlan-sur-Mer
0%
Haute-MarneMoëslains
0%
Charente-MaritimeMoëze
0%
Haute-CorseMoïta
0%
AllierMontaiguët-en-Forez
0%
Tarn-et-GaronneMontaïn
0%
Seine-et-MarneMontgé-en-Goële
0%
CharenteMouthiers-sur-Boëme
0%
AisneMoÿ-de-l'Aisne
0%
DoubsNoël-Cerneux
0%
Maine-et-LoireNoëllet
0%
OiseOroër
0%
NordOxelaëre
0%
MorbihanPloërdut
0%
Côtes-d'ArmorPlouëc-du-Trieux
0%
Côtes-d'ArmorPlounévez-Moëdec
0%
AllierPoëzat
0%
NordQuaëdypre
0%
NordRexpoëde
0%
Pas-de-CalaisRoëllecourt
0%
FinistèreRosnoën
0%
MeuseRouvres-en-Woëvre
0%
MeuseRupt-en-Woëvre
0%
MayenneSaint-Aignan-sur-Roë
0%
Haute-SavoieSaint-André-de-Boëge
0%
Pyrénées-AtlantiquesSaint-Etienne-de-Baïgorry
0%
MancheSaint-Hilaire-du-Harcouët
0%
MeuseSaint-Hilaire-en-Woëvre
0%
MayenneSaint-Michel-de-la-Roë
0%
MayenneSaint-Ouën-des-Toits
0%
MayenneSaint-Ouën-des-Vallons
0%
Ille-et-VilaineSaint-Ouen-la-Rouërie
0%
Seine-MaritimeSaint-Paër
0%
GersSaint-Paul-de-Baïse
0%
SartheSaint-Pierre-du-Lorouër
0%
Seine-MaritimeSaint-Saëns
0%
Côtes-d'ArmorSaint-Trimoël
0%
Pays de la LoireSaint-Vincent-du-Lorouër
0%
TarnSaïx
0%
SommeSalouël
0%
GuyaneSaül
0%
FinistèreScaër
0%
Pyrénées-AtlantiquesSouraïde
0%
TarnTaïx
0%
Alpes-MaritimesTouët-sur-Var
0%
Hautes-PyrénéesTramezaïgues
0%
Hautes-PyrénéesTrie-sur-Baïse
0%
AisneTroësnes
0%
Tarn-et-GaronneVaïssac
0%
Hautes-AlpesVal Buëch-Méouge
0%
GersValence-sur-Baïse
0%
MeuseVille-en-Woëvre
0%
MeuseWoël
0%

Distribution des résultats

Percentile par nombre de réponses

% des personnes avec chaque résultat

Votre développement - résultats

Vous n’avez pas pris ce quiz